Cows on the farms / (Record no. 7763)

MARC details
000 -LEADER
fixed length control field 00955nam a22003137a 4500
001 - CONTROL NUMBER
control field 7763
003 - CONTROL NUMBER IDENTIFIER
control field FISKH
005 - DATE AND TIME OF LATEST TRANSACTION
control field 20250805100215.0
008 - FIXED-LENGTH DATA ELEMENTS--GENERAL INFORMATION
fixed length control field 250805b cb ||||| |||| 00| 0 eng d
020 ## - INTERNATIONAL STANDARD BOOK NUMBER
International Standard Book Number 9781615905058
040 ## - CATALOGING SOURCE
Original cataloging agency FISKH
Language of cataloging eng
Transcribing agency FISKH
Modifying agency FISKH
050 ## - LIBRARY OF CONGRESS CALL NUMBER
Classification number SF197 .M47
082 ## - DEWEY DECIMAL CLASSIFICATION NUMBER
Classification number 636.2
100 ## - MAIN ENTRY--PERSONAL NAME
Personal name Meredith , Susan
245 ## - TITLE STATEMENT
Title Cows on the farms /
Statement of responsibility, etc. Susan Meredith
260 ## - PUBLICATION, DISTRIBUTION, ETC.
Place of publication, distribution, etc. Vero Beach :
Name of publisher, distributor, etc. Roourke Publishing ,
Date of publication, distribution, etc. 2011.
300 ## - PHYSICAL DESCRIPTION
Extent 24 pages :
Other physical details color illustrations ;
Dimensions 21 X 21 cm .
490 ## - SERIES STATEMENT
Series statement Farm Animals
505 ## - FORMATTED CONTENTS NOTE
Formatted contents note P <br/>
520 ## - SUMMARY, ETC.
Summary, etc. Discover how farmers care for cows and what benefits we get from these large farm animals.
521 8# - TARGET AUDIENCE NOTE
Target audience note 640 <br/>
Source Lexile <br/>
521 8# - TARGET AUDIENCE NOTE
Target audience note P <br/>
Source Raz-Plus <br/>
650 ## - SUBJECT ADDED ENTRY--TOPICAL TERM
Topical term or geographic name entry element Cows
Form subdivision Juvenile Literature
650 ## - SUBJECT ADDED ENTRY--TOPICAL TERM
Topical term or geographic name entry element Farm life
Form subdivision Juvenile Literature
650 ## - SUBJECT ADDED ENTRY--TOPICAL TERM
Topical term or geographic name entry element Ranches
Form subdivision Juvenile Literature
700 ## - ADDED ENTRY--PERSONAL NAME
Personal name McKenzie, Precious
Relator term Edior
942 ## - ADDED ENTRY ELEMENTS (KOHA)
Source of classification or shelving scheme Dewey Decimal Classification
Koha item type Books
Suppress in OPAC No
Holdings
Withdrawn status Lost status Source of classification or shelving scheme Damaged status Not for loan Collection Home library Current library Shelving location Date acquired Total Checkouts Full call number Barcode Date last seen Copy number Price effective from Koha item type
    Dewey Decimal Classification     Non-Fiction Footprints International School Library Network Toul Tom Poung Campus Footprints International School Library Network Toul Tom Poung Campus TTP Primary Yellow Bookshelves 08/05/2025   MER 636.2 SF197 .M47 FISTK00767 08/05/2025 1 08/05/2025 Books
    Dewey Decimal Classification     Non-Fiction Footprints International School Library Network Toul Tom Poung Campus Footprints International School Library Network Toul Tom Poung Campus TTP Primary Yellow Bookshelves 09/11/2025   MER 636.2 SF197 .M47 FIS02686 09/11/2025 2 09/11/2025 Books